MICROWAVE FILTERS AND CIRCUITS (Record no. 580026)
[ view plain ]
| 000 -LEADER | |
|---|---|
| fixed length control field | 00254nam a22001097a 4500 |
| 082 ## - DEWEY DECIMAL CLASSIFICATION NUMBER | |
| Classification number | 621.38132 MIC |
| 100 ## - MAIN ENTRY--PERSONAL NAME | |
| Personal name | MATSUMOTO,AKIO |
| 9 (RLIN) | 74504 |
| 245 ## - TITLE STATEMENT | |
| Title | MICROWAVE FILTERS AND CIRCUITS |
| 260 ## - PUBLICATION, DISTRIBUTION, ETC. | |
| Place of publication, distribution, etc. | USA |
| Name of publisher, distributor, etc. | ACADEMIC PRESS |
| Date of publication, distribution, etc. | 1970 |
| 300 ## - PHYSICAL DESCRIPTION | |
| Extent | 349P |
| 942 ## - ADDED ENTRY ELEMENTS (KOHA) | |
| Koha item type | Book |
| Withdrawn status | Lost status | Damaged status | Not for loan | Permanent Location | Current Location | Shelving location | Date acquired | Total Checkouts | Full call number | Barcode | Date last seen | Price effective from | Koha item type |
|---|---|---|---|---|---|---|---|---|---|---|---|---|---|
| College of Electrical & Mechanical Engineering (CEME) | College of Electrical & Mechanical Engineering (CEME) | General Stacks | 05/08/2017 | 621.38132 MIC | CEME-15191 | 06/28/2021 | 06/28/2021 | Book |
